000 00444cam a2200181ua 4500
020 _c18.00
041 _aeng
_h
082 _a551
_bMUT/TE
100 _aMuthayya, V D .
245 _aText book of geology /
_cV D Muthayya.
_hTextual Documents
250 _a4 /
_b.
260 _aNew Delhi :
_bOxford & IBH Publishing company ,
_c1968.
300 _a229 ; .
365 _a18.00
504 _a
942 _cBK
999 _c9770
_d9770